ბათუმის შოთა რუსთაველის სახელმწიფო უნივერსიტეტის ბიბლიოთეკა

ჩანაწერი Corporate Name

ჩანაწერთა რაოდენობა, რომელიც გამოყენებულია: 1

001 - CONTROL NUMBER

  • control field: 27271

003 - CONTROL NUMBER IDENTIFIER

  • control field: GE_BSU

005 - DATE AND TIME OF LATEST TRANSACTION

  • control field: 20260407150949.0

008 - FIXED-LENGTH DATA ELEMENTS

  • fixed length control field: 260407|| aca||aabn | a|a d

040 ## - CATALOGING SOURCE

  • Original cataloging agency: GE_BSU
  • Transcribing agency: GE_BSU

110 ## - HEADING--CORPORATE NAME

  • Corporate name or jurisdiction name as entry element: სოხუმის სახელმწ. უნივერსიტეტი.
  • Subordinate unit: ჰუმანიტარულ მეცნიერებათა ფაკულტეტი. ცხუმ-აფხაზეთის მეცნიერებათა აკადემია. ოთარ ჭურღულიას სახ. ქართული ენისა და ლიტერატურის კვლევითი ინსტიტუტი.

670 ## - SOURCE DATA FOUND

  • Source citation: Work cat.: (GE_BSU): მოსია, ტიტე 27269, მეცნიერი და მისი სამყარო :